| 000 | 00367nam a2200145Ia 4500 | ||
|---|---|---|---|
| 008 | 230917s9999||||xx |||||||||||||| ||und|| | ||
| 040 |
_e155928 _aMAIN |
||
| 041 | _aEnglish | ||
| 082 | _a891.21 K125V:K | ||
| 100 | _aVidyalankar, Vagishwer | ||
| 245 | 0 | _aKalidas aur uski kavya-kala | |
| 260 |
_aDelhi _bMotilal Banarsidass _c1988 |
||
| 300 | _a257p p. | ||
| 942 | _cBK | ||
| 999 |
_c63979 _d63979 |
||